Electricidad (Record no. 189950)
[ view plain ]
| 000 -LEADER | |
|---|---|
| campo de control de longitud fija | 00892nam a2200181 i 4500 |
| 001 - NÚMERO DE CONTROL | |
| campo de control | 189950 |
| 003 - IDENTIFICADOR DE NÚMERO DE CONTROL | |
| campo de control | ES-MaACL |
| 005 - FECHA Y HORA DE LA ÚLTIMA TRANSACCIÓN | |
| campo de control | 20250902073149.0 |
| 008 - DATOS DE LONGITUD FIJA--INFORMACIÓN GENERAL | |
| campo de control de longitud fija | 200221s1970 sp |||| | spa d |
| 245 00 - MENCIÓN DEL TÍTULO | |
| Título | Electricidad |
| Resto del título | : Ordenanzas de Trabajo para las Industrias de Producción, Transformación, Transporte, Transmisión y Distribución de Energía Eléctrica. Orden del Ministerio de Trabajo 30 de julio de 1970 y Ordenanza de Trabajo para las Industrias de Producción, Transformación, Transporte, Transmisión y Distribución de Energía Eléctrica. |
| 260 ## - PUBLICACIÓN, DISTRIBUCIÓN, ETC. | |
| Lugar de publicación, distribución, etc. | Madrid : |
| Nombre del editor, distribuidor, etc. | García Enciso, |
| Fecha de publicación, distribución, etc. | [1970] |
| 300 ## - DESCRIPCIÓN FÍSICA | |
| Extensión | 88 p. ; |
| Dimensiones | 16 cm. |
| 490 1# - MENCIÓN DE SERIE | |
| Mención de serie | Colección García Enciso |
| 650 #4 - PUNTO DE ACCESO ADICIONAL DE MATERIA--TÉRMINO DE MATERIA | |
| Término de materia o nombre geográfico como elemento de entrada | Trabajadores de la industria eléctrica- |
| Subdivisión general | Estatuto jurídico- |
| Subdivisión geográfica | España. |
| 9 (RLIN) | 169674 |
| 830 00 - PUNTO DE ACCESO ADICIONAL DE SERIE-TÍTULO UNIFORME | |
| Título uniforme | Colección "García Enciso" |
| 9 (RLIN) | 176884 |
| 852 1# - LOCALIZACIÓN | |
| Ubicación | BA |
| Número de control de estantería | P-1332-32 |
| Estatus retirado | Estado de pérdida | Estado de daño | No para préstamo | Biblioteca de origen | Biblioteca actual | Ubicación en estantería | Fecha de adquisición | Fuente de adquisición | Total de préstamos | Signatura topográfica completa | Código de barras | Visto por última vez | Precio de reemplazo | Tipo de ítem Koha |
|---|---|---|---|---|---|---|---|---|---|---|---|---|---|---|
| Biblioteca del Ateneo de Madrid | Biblioteca del Ateneo de Madrid | Depósito 2 | 11/05/2005 | P-1332-32 | 1201586 | 23/02/2023 | 23/02/2023 | Libro impreso |
